MARC

LEADER 00000nam0a2200000 4500
001 296729
005 20231102000933.0
035 |a (RuTPU)RU\TPU\book\321837 
090 |a 296729 
100 |a 20150602d1983 k y0rusy5003 ca 
101 0 |a rus 
102 |a UA 
105 |a a z 001zy 
200 1 |a Снижение материалоемкости строительства  |e сборник научных трудов  |f Научно-исследовательский институт строительного производства Госстроя УССР ; под ред. А. А. Худенко 
210 |a Киев  |c Изд-во НИИСП  |d 1983 
215 |a 91 с.  |c ил. 
320 |a Библиография в конце статей 
606 1 |a Строительные организации  |x Режим экономии  |2 stltpush  |3 (RuTPU)RU\TPU\subj\57666  |9 75524 
610 1 |a строительные конструкции 
610 1 |a строительные материалы 
610 1 |a материалоемкость 
610 1 |a экономичность 
610 1 |a бережливое управление 
610 1 |a бережливое производство 
610 1 |a эффективное использование 
675 |a 69.004.18  |z rus  |v 4 
702 1 |a Худенко  |b А. А.  |g Анатолий Андреевич  |4 340 
712 0 2 |a Научно-исследовательский институт строительного производства Госстроя УССР  |2 stltpush  |3 (RuTPU)RU\TPU\col\13847  |9 25798 
801 0 |a RU  |b RuMRKP  |c 19950704  |g psbo 
801 1 |a RU  |b 63413507  |c 20150602 
801 2 |a RU  |b 63413507  |c 20170726  |g RCR 
942 |c BK